000
00312nam a22001337a 4500
008
181206b xxu||||| |||| 00| 0 eng d
020
_a
0716714019
041
_a
eng
080
_2
2nd
_a
541
100
_a
12
101
_a
KIM
245
_a
Solutions Manual for Physical Chemistry
_c
Atkins,P.W
942
_2
udc
_c
BK
999
_c
52946
_d
52946